Detalles MARC
| 000 -LÍDER |
| Campo fijo de descripción fija |
02681cam a2200337 i 4500 |
| 001 - NÚMERO DE CONTROL |
| Campo de control |
768714001 |
| 003 - IDENTIFICADOR DEL NÚMERO DE CONTROL |
| Campo de control |
CO-MdFUSB |
| 005 - FECHA Y HORA DE LA ULTIMA TRANSACCIÓN |
| control field |
20220427104211.0 |
| 007 - CAMPO FIJO DE DESCRIPCIÓN FIJA--INFORMACIÓN GENERAL |
| Campo fijo de descripción fija |
ta |
| 008 - ELEMENTOS DE LONGITUD FIJA -- INFORMACIÓN GENERAL |
| Campo fijo de descripción fija -- Información general |
020628t2002 enka b 001 0 eng d |
| 020 ## - NÚMERO INTERNACIONAL NORMALIZADO PARA LIBROS |
| Número Internacional Normalizado del libro |
0198752695 |
| 040 ## - FUENTE DE CATALOGACIÓN |
| Agencia de catalogación original |
UKM |
| Agencia que realiza la transcripción |
CO-MdFUSB |
| Agencia que realiza la modificación |
DLC |
| Idioma de catalogación |
spa |
| Convenciones de la descripción |
rda |
| 041 ## - CÓDIGO DE IDIOMA |
| Código de idioma para texto/pista de sonido o título separado |
eng |
| 082 ## - NÚMERO DE CLASIFICACIÓN DECIMAL DEWEY |
| Número de la edición del Dewey |
23 |
| Número de clasificación |
220.6 |
| Clave de autor-Numero de item |
SU947 |
| 100 1# - ASIENTO PRINCIPAL--NOMBRE PERSONAL |
| Nombre personal |
Sugirtharajah, R. S. |
| Término relacionador |
autor |
| 245 10 - TÍTULO |
| Título del Material |
Postcolonial criticism and biblical interpretation |
| Mención de responsabilidad, etc. |
/ R.S. Sugirtharajah. |
| 264 #1 - PRODUCCIÓN, PUBLICACIÓN, DISTRIBUCIÓN, MANUFACTURA, Y COPYRIGHT |
| Lugar de producción, publicación, distribución, manufactura |
Oxford, New York : |
| Nombre del productor, publicador, distribuidor |
Oxford University Press, |
| Fecha de producción, publicación, distribución, manufactura, o copyright |
[2002] |
| 264 #4 - PRODUCCIÓN, PUBLICACIÓN, DISTRIBUCIÓN, MANUFACTURA, Y COPYRIGHT |
| Fecha de producción, publicación, distribución, manufactura, o copyright |
© 2002 |
| 300 ## - DESCRIPCIÓN FÍSICA |
| Extensión |
231 páginas : |
| Otros detalles físicos |
ilustraciones ; |
| Dimensiones |
24 cm. |
| 336 ## - TIPO DE CONTENIDO |
| Fuente |
rdacontent |
| Término de tipo de contenido |
texto |
| Código de tipo de contenido |
txt |
| 337 ## - TIPO DE MEDIO |
| Fuente |
rdamedia |
| Nombre del tipo de medio |
sin mediación |
| Código del tipo de medio |
n |
| 338 ## - TIPO DE SOPORTE |
| Fuente |
rdacarrier |
| Nombre del tipo de soporte |
volumen |
| Código Tipo de soporte |
nc |
| 504 ## - NOTA DE BIBLIOGRAFÍA, ETC. |
| Nota de bibliografía, etc |
Incluye referencias bibliográficas (p. [208]-224) e índices. |
| 505 ## - NOTA DE CONTENIDO |
| Nota de contenido con formato preestablecido |
Construcciones poscoloniales -- Trazando las secuelas: una revisión de la crítica poscolonial -- La llegada de la crítica poscolonial -- Literatura creativa -- Los contornos de la crítica poscolonial -- Clarificación del léxico -- Poscolonialismo y estudios bíblicos -- Imperio y reflexiones teológicas -- - Crítica poscolonial y disciplinas afines: feminismo -- Intenciones globales y preocupaciones poscoloniales -- ¿Es Estados Unidos poscolonial? -- Inquietudes, tentaciones, conclusiones -- Reparación, regeneración, redención: un estudio de la interpretación bíblica -- Lecturas disidentes -- Lecturas resistentes -- Lecturas heritagas -- Lecturas nacionalistas -- Lecturas liberacionistas -- Lecturas disidentes -- Codificación y decodificación: crítica e interpretación bíblica poscolonial -- Tendencias orientalistas -- Decodificación de textos -- Jesús y el contexto colonial -- Trauma y locura colonial: El caso del endemoniado de Gerasene - - Trascender el texto, visualizar la realidad -- Literatura propagandística o escritos confesionales -- ¿Trayectorias convergentes? Hermenéutica de la liberación y crítica bíblica poscolonial -- Marcas de la hermenéutica clásica de la liberación -- El trabajo de Gutiérrez -- El Pablo de Tamez -- La hermenéutica de la liberación y sus enredos -- Religión y liberación -- El poscolonialismo y la hermenéutica de la liberación como compañeros de lucha -- Preocupaciones poscoloniales -- La versión sobre la cual el sol nunca se pone: La Biblia en inglés y sus tendencias autorizadas -- El contexto de la Biblia en inglés -- El surgimiento de la Biblia en inglés. |
| 650 #7 - ASIENTO SECUNDARIO DE MATERIA - TERMINO TEMÁTICO |
| 9 (RLIN) |
418 |
| Término temático o nombre geográfico como elemento de entrada |
Hermenéutica |
| 650 #7 - ASIENTO SECUNDARIO DE MATERIA - TERMINO TEMÁTICO |
| 9 (RLIN) |
404 |
| Término temático o nombre geográfico como elemento de entrada |
Biblia |
| Subdivisión general |
Crítica, interpretación, etc. |
| 653 ## - TÉRMINO DE INDIZACIÓN - NO CONTROLADO |
| Término no controlado |
Poscolonial |
| 942 ## - TIPO DE MATERIAL (KOHA) |
| Tipo de Item KOHA |
Libros General |
| 945 ## - INFORMACIÓN LOCAL DEL REGISTRO |
| Catalogador |
JTF-925 |